How to measure human resources management

Αποθηκεύτηκε σε:
Λεπτομέρειες βιβλιογραφικής εγγραφής
Κύριος συγγραφέας: Fitz-enz, Jac
Μορφή: Βιβλίο
Γλώσσα:English
Δημοσίευση: New York : McGraw-Hill, c1984
Θέματα:
Ετικέτες: Προσθήκη ετικέτας
Δεν υπάρχουν, Καταχωρήστε ετικέτα πρώτοι!

MARC

LEADER 00000cam a2200000 i 4500
001 1/50138
008 950805s1984 eng d
020 |a 0070211310 
035 |l 10026952 
040 |a GR-MY-UA  |b gre  |e aacr 
041 0 |a eng 
082 0 |a 658.3  |2 (19) 
100 1 |a Fitz-enz, Jac. 
245 1 0 |a How to measure human resources management /  |c Jac Fitz-enz 
260 |a New York :   |b McGraw-Hill,   |c c1984 
300 |a xvi, 237 p.;  |b ill.;  |c 24 cm 
500 |a Includes index 
504 |a Bibliography: p. 227-230 
650 0 0 |a Personnel management. 
650 0 0 |a Personnel departments. 
852 |a INST  |b CHIOS  |e 19950805  |h 658.3 FIT  |p 005200001372  |q 005200001372  |t BK  |y 0 
909 |a Χ  |b 016706